Devine les 10 joueurs de foot - Statistiques

Statistiques générales
  • Ce quiz a été pris 194 fois
  • Le résultat moyen est 4 sur 8
Statistiques - réponses
Par images Réponse % Correct
Michel Platini
97%
Van Basten
55%
Lev Yashin
54%
Lothar Matthäus
47%
Jean Pierre Papin
46%
Jairzinho
44%
Shevchenko
37%
Al Owairan
28%
Aucun quiz correspondant
Distribution des résultats
% des personnes avec chaque résultat
Percentile par nombre de réponses
Votre historique - résultats
Vous n’avez pas pris ce quiz